00501nam a2200157 a 4500008004100000020001800041050001600059100001900075245007400094260003900168300002100207350000900228500002600237650003600263650004400299120210s2008 ||||||||||||||||| || u a9780750669856 aNA 1995 Fis aFisher, Thomas10aArchitectural design and ethics: tools for survivalcby Thomas Fisher aOxford:bArchitectural Pressc2008 axiii, 248p.: ill a0.00 aIncludes Bibliography aARCHITECTS--PROFESSIONAL ETHICS aARCHITECTURE--MORAL AND ETHICAL ASPECTS